00490nam a2200157 a 4500008004100000020001500041050001500056100001800071245006100089260003900150300002100189350000900210650004000219650003300259650004000292120416s1994 ||||||||||||||||| || u a0821327399 aIBRD(08)DP aWu, King Bing10aMongolia: financing education during economic transition aWashington, D.C.bWorld Bankc1994 axvi, 96p. : ill. a0.00 0aEDUCATIONAL TESTS AND MEASUREMENTS  aEDUCATION--MONGOLIA--FINANCE aFINANCE--ECONOMIC ASPECTS--MONGOLIA